000
00295nam a22001217a 4500
040
_c
363
082
_a
363 LEA 1990 C087
100
_a
LEANNE C. WILKS
245
_a
A survey of the contingent valuation method
260
_a
Phnom Penh
_b
LEA
_c
1990
300
_a
61p.
_b
ill.
_c
29cm.
942
_c
EK
999
_c
11099
_d
11099